Strategic management / (Record no. 85124)

MARC details
000 -LEADER
fixed length control field 00556nam a22002057a 4500
005 - DATE AND TIME OF LATEST TRANSACTION
control field 20140626145204.0
010 ## - LCCN (DPL NO)
LC control number ENG-110249
020 ## - INTERNATIONAL STANDARD BOOK NUMBER
International Standard Book Number 9788180544019
Terms of availability 350.00
020 ## - INTERNATIONAL STANDARD BOOK NUMBER
International Standard Book Number 8180546716
Terms of availability 350.00
035 ## - SYSTEM CONTROL NUMBER
System control number EN-93781
037 ## - SOURCE OF ACQUISITION
Source of stock number/acquisition DBAD/PUB
082 ## - DEWEY DECIMAL CLASSIFICATION NUMBER
Classification number 658.4012
100 ## - MAIN ENTRY--PERSONAL NAME
Personal name Prasad, L.M.
245 ## - TITLE STATEMENT
Title Strategic management /
Statement of responsibility, etc by L.M. Prasad
250 ## - EDITION STATEMENT
Edition statement 6th thoroughly rev. ed
260 ## - PUBLICATION, DISTRIBUTION, ETC. (IMPRINT)
Place of publication, distribution, etc New Delhi
Name of publisher, distributor, etc Sultan Chand
Date of publication, distribution, etc 2014
270 ## - ADDRESS
Address 23, Daryaganj
300 ## - PHYSICAL DESCRIPTION
Extent xiv,442p.
Dimensions 25cm(pbk)
942 ## - ADDED ENTRY ELEMENTS (KOHA)
Source of classification or shelving scheme Dewey Decimal Classification
Item type English Books
Call number suffix PRA
Classification part 658.4012
Holdings
Withdrawn status Lost status Not for loan Collection code Home library Current library Date acquired Source of acquisition Cost, normal purchase price Full call number Barcode Copy number Cost, replacement price Koha item type
    Not For Loan Non-fiction D.B.Act.Division D.B.Act.Division 13/06/2014 ENG-110249 350.00 658.4012 PRA EN-93781 1 350.00 English Books

© Delhi Public Library
Hit Counter
free hit counter